000 00732nam a22002057a 4500
999 _c166192
_d166192
005 20190716142736.0
010 _aENG-125948
020 _a9789353435141
_c549.00
035 _aEN-109480
037 _bDBAD/PUB
082 _a658.8
100 _aBhatia, Puneet Singh
245 _aFundamentals of digital marketing /
_cby Puneet Singh Bhatia
250 _aSecond edition
260 _aNoida
_bPearson India Education
_c2019
270 _a15th Floor, Tower-B, World Trade Tower, Plot No.I, Block-C, Sector 16
_bNoida, Uttar Pradesh
_e201301
_mcompanysecretary.india@pearson.com
300 _axix,479p.
_c23cm(pbk)
500 _aIncludes bibliographical references and index
942 _2ddc
_cEN
_h658.8
_mBHA